| 000 | 01424cam a2200349 i 4500 | ||
|---|---|---|---|
| 001 | 30942 | ||
| 003 | BD-RjUL | ||
| 005 | 20211209051635.0 | ||
| 008 | 140412r1948 1934ctu b 001 0beng | ||
| 020 | _a0837190541 | ||
| 035 | _a(BD-RjUL)31029 | ||
| 040 |
_aDLC _cDLC _dDLC _beng |
||
| 041 | _aeng | ||
| 082 | 0 | 0 |
_a186.4 _bPLE 1948 |
| 100 | 0 |
_aPlotinus. _994012 |
|
| 245 | 1 | 4 |
_aThe essence of Plotinus : _bextracts from the six Enneads and Porphyry's Life of Plotinus, based on the translation by Stephen Mackenna : with an appendix giving some of the most important Platonic and Aristotelian sources on which Plotinus drew, and an annotated bibliography / _ccompiled by Grace H. Turnbull ; foreword by W. R. Inge. |
| 260 |
_aWestport, Conn. : _bGreenwood Press, _c c1934. |
||
| 300 |
_axx, 303 p. ; _c23 cm. |
||
| 500 | _aReprint of the 1934 ed. published by Oxford University Press, New York. | ||
| 500 | _aIncludes index. | ||
| 504 | _aBibliography: p. 277-282. | ||
| 600 | 0 | 0 |
_aPlotinus. _994034 |
| 650 | 0 |
_aPhilosophy. _994014 |
|
| 650 | 0 |
_aPhilosophers _zGreece _xBiography. _994015 |
|
| 700 | 1 |
_aMackenna, Stephen, _d1872-1934. _994016 |
|
| 700 | 1 |
_aTurnbull, Grace Hill, _d1880- _994017 |
|
| 700 | 0 | 2 |
_aPorphyry, _dapproximately 234-approximately 305. _tPlotini vita. _kSelections. _lEnglish. _f1976. _994018 |
| 942 |
_2ddc _cBK |
||
| 999 |
_c30942 _d30942 |
||